Klicke europäische Städte mit B auf der Karte an - Statistiken

Allgemein
  • Dieses Quiz wurde 365 mal gespielt
  • Das Durchschnittsergebnis liegt bei 19 aus 23
Antworten auf der Karte
Die Antworten werden auf der Karte rot bzw. grün angezeigt, abhängig davon wie oft sie richtig erraten wurden.
 
Antwortstatistiken
Antwort % Korrekt
Barcelona
98%
Berlin
95%
Bremen
93%
Bern
92%
Brüssel
91%
Brügge
90%
Belfast
88%
Bergen
87%
Bilbao
87%
Bromberg
87%
Bristol
86%
Belgrad
84%
Birmingham
84%
Bratislava
84%
Bukarest
84%
Bordeaux
83%
Budapest
83%
Bari
82%
Bologna
79%
Burgas
77%
Brest
72%
Basel
70%
Brünn
70%
Keine übereinstimmenden Quizze gefunden
Verteilung der Resultate
Anzahl Personen mit jedem Resultat
Perzentil nach korrekt beantworteten Fragen
Ihre Resultats-Entwicklung
Sie haben dieses Quiz noch nicht gespielt